Código de las administraciones públicas / (Record no. 60044)

MARC details
000 -LEADER
campo de control de longitud fija 00992nam a2200265 i 4500
001 - NÚMERO DE CONTROL
campo de control 60044
003 - IDENTIFICADOR DE NÚMERO DE CONTROL
campo de control ES-MaACL
005 - FECHA Y HORA DE LA ÚLTIMA TRANSACCIÓN
campo de control 20250827062607.0
007 - CAMPO FIJO DE DESCRIPCIÓN FÍSICA--INFORMACIÓN GENERAL
campo de control de longitud fija t|
008 - DATOS DE LONGITUD FIJA--INFORMACIÓN GENERAL
campo de control de longitud fija 031103s1986 sp l |||| | spa d
020 ## - NÚMERO INTERNACIONAL ESTÁNDAR DEL LIBRO
Número Internacional Estándar del Libro 84-309-1339-4
110 1# - ENTRADA PRINCIPAL--NOMBRE DE ENTIDAD CORPORATIVA
Nombre de entidad corporativa o nombre de jurisdicción como elemento de entrada España
9 (RLIN) 3622
243 10 - TÍTULO UNIFORME COLECTIVO
Título uniforme <a href="Leyes, etc., de administración pública">Leyes, etc., de administración pública</a>
245 10 - MENCIÓN DEL TÍTULO
Título Código de las administraciones públicas /
Mención de responsabilidad, etc. edición preparada bajo la dirección de Mariano Baena del Alcázar por José María Fernández Pastrana ... [et al.].
260 ## - PUBLICACIÓN, DISTRIBUCIÓN, ETC.
Lugar de publicación, distribución, etc. Madrid :
Nombre del editor, distribuidor, etc. Tecnos,
Fecha de publicación, distribución, etc. [1986]
300 ## - DESCRIPCIÓN FÍSICA
Extensión XL, 3390 p. ;
Dimensiones 25 cm.
490 1# - MENCIÓN DE SERIE
Mención de serie Legislación administrativa de editorial Tecnos ;
Designación de volumen o secuencia 1
500 ## - NOTA GENERAL
Nota general Índice.
650 #7 - PUNTO DE ACCESO ADICIONAL DE MATERIA--TÉRMINO DE MATERIA
Término de materia o nombre geográfico como elemento de entrada Derecho administrativo-
Subdivisión geográfica España
Fuente del encabezamiento o término
9 (RLIN) 145992
700 1# - ENTRADA AGREGADA--NOMBRE PERSONAL
Nombre de persona Baena del Alcázar, Mariano.
9 (RLIN) 24589
700 1# - ENTRADA AGREGADA--NOMBRE PERSONAL
Nombre de persona Fernández Pastrana, José María.
9 (RLIN) 49984
830 0# - PUNTO DE ACCESO ADICIONAL DE SERIE-TÍTULO UNIFORME
Título uniforme Legislación administrativa de editorial Tecnos ;
Designación de volumen o secuencia 1
9 (RLIN) 230542
852 ## - LOCALIZACIÓN
Ubicación ES-MaACL
Número de control de estantería L-10770
Holdings
Estatus retirado Estado de pérdida Estado de daño No para préstamo Biblioteca de origen Biblioteca actual Ubicación en estantería Fecha de adquisición Fuente de adquisición Total de préstamos Signatura topográfica completa Código de barras Visto por última vez Precio de reemplazo Tipo de ítem Koha
        Biblioteca del Ateneo de Madrid Biblioteca del Ateneo de Madrid Depósito 2 17/01/2008     L-10770 1062975 23/02/2023 23/02/2023 Libro impreso